United States National Football Team - Statistics

General Stats
  • This quiz has been taken 115 times
  • The average score is 6 of 17
Answer Stats
Goals Caps Player % Correct
57 141 Clint Dempsey
91%
57 157 Landon Donovan
88%
32 82 Christian Pulisic
83%
0 121 Tim Howard
80%
42 115 Jozy Altidore
40%
17 151 Michael Bradley
36%
8 112 Claudio Reyna
34%
15 164 Cobi Jones
33%
17 126 DaMarcus Beasley
32%
19 63 Eddie Johnson
18%
30 95 Brian McBride
14%
24 100 Joe-Max Moore
10%
34 106 Eric Wynalda
9%
17 101 Earnie Stewart
7%
13 127 Marcelo Balboa
7%
21 85 Bruce Murray
6%
4 134 Jeff Agoos
5%
No matching quizzes found
Score Distribution
Percent of People with Each Score
Percentile by Number Answered
Your Score History
You have not taken this quiz